| 000 | 00779cam a22002055a 4500 | ||
|---|---|---|---|
| 001 | L137445 | ||
| 008 | 070405s2007 xxk f 000 0 eng d | ||
| 035 | _a(Sirsi) u137445 | ||
| 041 | 0 | _aeng | |
| 100 | 1 | _aGordon, Warren | |
| 245 | 0 | 0 | _aCase news |
| 260 | _c2007 | ||
| 490 | 0 |
_aProperty Week _v72(12) 23 March 2007, 64(1) |
|
| 520 | _aDiscusses the case where a property owner was forced to pay substantial sums to a church council for the repair of the chancel of its parish church after losing a House of Lords battle over liability. | ||
| 590 | _aKA | ||
| 650 | 2 | 4 | _aASTON CANTLOW AND WILMCOTE WITH BILLESLEY PCC V WALLBANK AND ANOTHER |
| 651 | 4 |
_aEngland _y886- |
|
| 690 | _aBUILT ENVIRONMENT-BUILDING MAINTENANCE AND REFURBISHMENT-MAINTENANCE COSTS | ||
| 942 | _n0 | ||
| 999 |
_c106787 _d106787 |
||